04309cam a22016814i 4500003000900000005001700009008004100026020001500067020001800082035001900100040004300119082002100162100002900183245008200212264003000294300005500324336002100379337002500400338002300425504004800448505102600496526000901522526000901531526001001540526001001550526001001560526001001570526001001580526001001590526001001600526001001610526001001620526001001630526001001640526001001650526001001660526001001670526001001680526001001690526001001700526001001710526001001720526001001730526001001740526001001750526001001760526001001770526001001780526001001790526001001800526001001810526001001820526001001830526001001840526001001850526001001860526001001870526001001880526001001890526001001900526001001910526001001920526001001930526001001940526001001950526001001960526001001970526001001980526000901990526000901999526000902008526000902017526000902026526000902035526000902044526000902053526000902062526000902071526000902080526000902089526000902098526000902107526000902116526000902125526000902134526000902143526000902152526000902161526000902170526000902179526000902188526000902197526000902206526000902215526000902224526000902233526000902242526000902251526000902260526000902269526001002278526000902288526000902297526000902306526000902315526000902324526000902333526000902342526000802351526000802359526000802367526000802375526000802383526000802391526000802399526000802407526000802415526000802423526000802431526000802439526000802447526000802455526000902463526000802472526000802480526000802488526000802496526000802504526000902512526000802521526000802529526000802537526000802545526000802553526000902561526000802570526000802578526000902586526000802595526000802603526000802611526000802619PE-LiUPU20250813165614.0150623s1993 sp a rb 000 0 spa d a847877050X a9788478770502 a(Sirsi) a28726 aPE-LiUPUbspacPE-LiUPUdPE-LiUPUerda04a616.147bB662201 aSolano, Estevan,eautor.10aQue hecer ante un problema vascular :bflebopatías /cJ. M. Estevan Solano. 1aBarcelona :bFaes,c1993. a203 páginas :bilustraciones ;c24 centímetros atext2rdacontent aunmediated2rdamedia avolume2rdacarrier aBibliografía al final de cada capítulo.0 aAspectos epidemiologicos de la fleboterapias perifericas -- Exploracion y metodos diagnosticos en las flebopatias perifericas -- Sindrome varicoso -- Trombosis venosa profunda de las extreminades inferiores -- Insuficiencia venosa cronica de los miembros inferiores. sindrome postrombotico -- Edamas de las extremidades inferiores. Diagnostoco diferencial -- Ulceras de las extremidades -- Trombosis venosa de miembro superior -- Trombosis venosa y neoplasia. - Malformacion venosas -- Fisturas artereovenosa para hemodialisis -- Traumatismo venosos -- Normas generales de tratamiento medico -- Tratamiento quirurgico de las flebopatias -- Radiologia vascular e intervencionista en flebopatias -- Terapia esclerosante -- Rehabilitacion en las enfermedades vasculares perifericas. Venopatias y linfopatias -- Medidas preventivas en las enfermedades venosas de las extremidades -- Cuidados de enfermedades en el paciente con patologia venosa -- Sistema linfatico y circulación -- Cirugía vascular y asistencia primaria. aP203 aP200 aSEG65 aSEG64 aSEG63 aSEG62 aSEG61 aSEG60 aSEG59 aSEG58 aSEG57 aSEG56 aSEG55 aSEG54 aSEG53 aSEG52 aSEG51 aSEG50 aSEG49 aSEG48 aSEG47 aSEG46 aSEG24 aSEG23 aSEG22 aSEG21 aSEG20 aSEG19 aSEG18 aSEG17 aSEG16 aSEG14 aSEG13 aSEG12 aSEG11 aSEG10 aSEG09 aSEG06 aSEG05 aSEG04 aSEG03 aSEG02 aSEG68 aSEG66 aSEG45 aSEG25 aSEG01 aP163 aP162 aP161 aP160 aP159 aP158 aP157 aP156 aP155 aP154 aP153 aP152 aP151 aP150 aP149 aP142 aP141 aP140 aP139 aP138 aP137 aP132 aP131 aP130 aP126 aP125 aP124 aP123 aP115 aP122 aP121 aP116 a P114 aP112 aP111 aP104 aP103 aP102 aP101 aP100 aP96 aP95 aP93 aP92 aP91 aP88 aP83 aP82 aP79 aP78 aP75 aP74 aP71 aP69 a P51 aP49 aP48 aP47 aP33 aP31 a P30 aP29 aP27 aP26 aP25 aP24 a P22 aP10 aP09 a P08 aP06 aP05 aP04 aP01